[Event "35. Potsdamer Weihnachtsturnier"]
[Site "?"]
[Date "2010.12.28"]
[Round "3.29"]
[White "Richter, Hans-Peter"]
[Black "Laurin, Dirk"]
[Result "1-0"]
[WhiteElo "1946"]
[BlackElo "1678"]
[PlyCount "115"]
[EventDate "2010.??.??"]
[WhiteTeam "SC Empor Potsdam 1952 e.V."]
[BlackTeam "SG Narva Berlin e.V."]

1. d4 c5 2. d5 g6 3. e4 d6 4. Nc3 Bg7 5. Be3 Nf6 6. f3 Nfd7 7. f4 Nf6 8. h3
Nxe4 9. Nxe4 Bxb2 10. Rb1 Bg7 11. Qd2 O-O 12. Nf3 b6 13. Bd3 Na6 14. O-O Nc7
15. c4 f5 16. Nc3 Bb7 17. a4 e6 18. dxe6 Nxe6 19. Be2 Nc7 20. a5 d5 21. cxd5
Nxd5 22. Bc4 Bxc3 23. Qxc3 Rf7 24. Bxd5 Bxd5 25. Bc1 Qf6 26. Ne5 g5 27. Bb2 Rg7
28. Nf3 Qxc3 29. Bxc3 Bc4 30. Bxg7 Bxf1 31. Kxf1 Kxg7 32. axb6 axb6 33. Nxg5
Rb8 34. Ne6+ Kf7 35. Nxc5 Ke7 36. Na4 b5 37. Nc3 b4 38. Nd5+ Kd6 39. Rxb4 Rc8
40. Ne3 Rc1+ 41. Kf2 Rc5 42. Rb6+ Ke7 43. Rb7+ Kf6 44. Rxh7 Kg6 45. Rb7 Ra5 46.
g4 fxg4 47. hxg4 Ra2+ 48. Kf3 Ra3 49. Rb6+ Kf7 50. f5 Kg7 51. Kf4 Kf7 52. Rb7+
Kf8 53. f6 Ra2 54. g5 Kg8 55. g6 Ra4+ 56. Kg5 Ra5+ 57. Nf5 Ra8 58. Nh6+ 1-0

[Event "35. Potsdamer Weihnachtsturnier"]
[Site "?"]
[Date "2010.12.28"]
[Round "3.30"]
[White "Bieg, Pascal"]
[Black "Rosenau, Sven"]
[Result "0-1"]
[WhiteElo "1667"]
[BlackElo "1945"]
[PlyCount "58"]
[EventDate "2010.??.??"]
[WhiteTeam "SV Königsjäger Süd-West e.V."]
[BlackTeam "SC Iffezheim"]

1. d4 Nf6 2. c4 d6 3. Nf3 c6 4. Nc3 Nbd7 5. e4 Qc7 6. Be2 e5 7. d5 c5 8. O-O
Be7 9. h3 O-O 10. Be3 Ne8 11. a3 f6 12. Nd2 g6 13. b4 a6 14. Na4 b6 15. bxc5
bxc5 16. Rb1 f5 17. f3 Ng7 18. Nb3 Ra7 19. Bd2 Rb7 20. Na5 Rxb1 21. Qxb1 Bg5
22. Qc1 fxe4 23. fxe4 Rxf1+ 24. Kxf1 Qxa5 25. Bxg5 Qxa4 26. Be7 Qb3 27. Bxd6
Qb6 28. Be7 Nf6 29. Qg5 Qb1+ 0-1

[Event "35. Potsdamer Weihnachtsturnier"]
[Site "?"]
[Date "2010.12.28"]
[Round "3.31"]
[White "Toth, Hans-Juergen"]
[Black "Lange, Werner"]
[Result "0-1"]
[WhiteElo "1647"]
[BlackElo "1930"]
[PlyCount "88"]
[EventDate "2010.??.??"]
[WhiteTeam "SF Zehdenick 76 e.V."]
[BlackTeam "SSV Rotation Berlin e.V."]

1. f4 e5 2. fxe5 d6 3. exd6 Bxd6 4. Nf3 Bg4 5. g3 h5 6. d4 h4 7. Bg5 f6 8. Qd3
Bxf3 9. Qxf3 fxg5 10. Qxb7 Nd7 11. Qe4+ Ne7 12. Bg2 Rb8 13. b3 hxg3 14. h3 Nf6
15. Qd3 Qd7 16. Nd2 Qf5 17. Qxf5 Nxf5 18. c3 Ne3 19. Bc6+ Ke7 20. Ne4 Nxe4 21.
Bxe4 g2 22. Rg1 Bh2 23. Rxg2 Nxg2+ 24. Bxg2 Bg3+ 25. Kd2 Rbf8 26. Rh1 Rf2 27.
Bd5 Kd6 28. c4 Rhf8 29. Kd3 Rf1 30. a4 Rxh1 31. Bxh1 Rf1 32. Bf3 c5 33. Bg4
Rd1+ 34. Ke4 Rxd4+ 35. Kf5 Rd1 36. Kxg5 Rb1 37. Kg6 Be5 38. Bc8 Rxb3 39. a5 Re3
40. a6 Rxe2 41. Bb7 Re3 42. h4 Rc3 43. Bd5 Ra3 44. Bb7 Ra4 0-1

[Event "35. Potsdamer Weihnachtsturnier"]
[Site "?"]
[Date "2010.12.28"]
[Round "3.32"]
[White "Friedel, Manuel"]
[Black "Große, Michael"]
[Result "0-1"]
[WhiteElo "1633"]
[BlackElo "1901"]
[PlyCount "102"]
[EventDate "2010.??.??"]
[WhiteTeam "SC Empor Potsdam 1952 e.V."]
[BlackTeam "SC Empor Potsdam 1952 e.V."]

1. Nc3 g6 2. e4 Bg7 3. d4 d5 4. exd5 Nf6 5. Bc4 Nbd7 6. Nf3 O-O 7. O-O Nb6 8.
Bb3 Nbxd5 9. Nxd5 Nxd5 10. h3 c6 11. Bg5 Nc7 12. Qd2 Ne6 13. Bh6 Nxd4 14. Nxd4
Bxh6 15. Qxh6 Qxd4 16. Rfe1 Qxb2 17. Rad1 e6 18. Rd6 Qf6 19. Red1 c5 20. R1d3
b6 21. h4 Bb7 22. h5 Rfd8 23. hxg6 hxg6 24. Rxd8+ Rxd8 25. Qd2 Rxd3 26. Qxd3
Qa1+ 27. Kh2 Qe5+ 28. Qg3 Qxg3+ 29. Kxg3 Kf8 30. f4 Ke7 31. Kf2 b5 32. c4 bxc4
33. Bxc4 Bd5 34. Bb5 Bxa2 35. Ke3 Kd6 36. g4 e5 37. Be8 exf4+ 38. Kxf4 Be6 39.
g5 c4 40. Ba4 Kd5 41. Bc2 Kd4 42. Bb1 a5 43. Bc2 Bd7 44. Bb1 a4 45. Ba2 Bf5 46.
Kf3 Bd3 47. Kf4 a3 48. Kf3 Kc3 49. Ke3 Kb2 50. Kd2 Kxa2 51. Kc1 Kb3 0-1

[Event "35. Potsdamer Weihnachtsturnier"]
[Site "?"]
[Date "2010.12.28"]
[Round "3.33"]
[White "Scholz, Ralf-Dieter"]
[Black "Leyrer, Thomas"]
[Result "1-0"]
[WhiteElo "1898"]
[BlackElo "1618"]
[PlyCount "69"]
[EventDate "2010.??.??"]
[WhiteTeam "USV Potsdam e.V., Abt. Schach"]
[BlackTeam "SV Königsjäger Süd-West e.V."]

1. Nf3 d5 2. g3 Nf6 3. Bg2 Bg4 4. O-O e6 5. d3 Be7 6. Ne5 Bh5 7. h3 Nbd7 8. Nf3
O-O 9. g4 Bg6 10. Nh4 Ne8 11. Nxg6 fxg6 12. c4 c6 13. e3 Nd6 14. Nd2 Rf7 15.
Rb1 Bh4 16. b4 a6 17. a4 b5 18. axb5 axb5 19. c5 Nc8 20. Nf3 Bf6 21. e4 Ne5 22.
Nd4 Qd7 23. Be3 Qe8 24. f4 Nd7 25. Nxc6 Nxc5 26. Ne5 Bxe5 27. fxe5 Nd7 28. exd5
Ra6 29. d4 Ne7 30. dxe6 Rxe6 31. Qb3 Ra6 32. Bg5 Kf8 33. Rxf7+ Qxf7 34. Rf1 Nf6
35. Qxf7+ 1-0

[Event "35. Potsdamer Weihnachtsturnier"]
[Site "?"]
[Date "2010.12.28"]
[Round "3.34"]
[White "Binder, Thomas"]
[Black "Walter-von Gierke, Frank"]
[Result "1-0"]
[WhiteElo "1885"]
[BlackElo "1600"]
[PlyCount "53"]
[EventDate "2010.??.??"]
[WhiteTeam "SF Siemensstadt"]
[BlackTeam "ohne Verein"]

1. e4 d6 2. d4 Nf6 3. c3 g6 4. Bd3 Bg7 5. f4 a6 6. Nf3 Bg4 7. O-O O-O 8. Nbd2
b5 9. Qe1 Bxf3 10. Nxf3 e6 11. e5 Ne8 12. Qg3 d5 13. Qh3 h6 14. f5 exf5 15.
Bxh6 f6 16. Rae1 Qe7 17. exf6 Qxf6 18. Bg5 Qc6 19. Be7 Nd7 20. Ng5 Nef6 21. Re6
Qb7 22. Bxf8 Nxf8 23. Re7 N8h7 24. Ne6 Bf8 25. Qg3 Rc8 26. Qxg6+ Kh8 27. Nxf8
1-0

[Event "35. Potsdamer Weihnachtsturnier"]
[Site "?"]
[Date "2010.12.28"]
[Round "3.35"]
[White "Steppan, Siegfried"]
[Black "Eichstaedt, Mirko"]
[Result "1/2-1/2"]
[WhiteElo "1604"]
[BlackElo "1855"]
[PlyCount "55"]
[EventDate "2010.??.??"]
[WhiteTeam "SV Werder/H."]
[BlackTeam "USV Potsdam e.V., Abt. Schach"]

1. d4 Nf6 2. c4 c5 3. d5 e6 4. Nc3 exd5 5. cxd5 d6 6. e4 g6 7. Bb5+ Nbd7 8. Qc2
Bg7 9. Bf4 Qe7 10. Nf3 O-O 11. O-O a6 12. Bxd7 Nxd7 13. Rfe1 Re8 14. a4 Ne5 15.
Nxe5 Bxe5 16. Bxe5 Qxe5 17. h3 Qg5 18. Kh2 f5 19. exf5 Bxf5 20. Qc1 Qf6 21. Qd2
g5 22. g4 Bg6 23. Rxe8+ Rxe8 24. Kg2 Qe5 25. Rf1 Qd4 26. Qxg5 Kf7 27. Rd1 Qb4
28. Qd2 1/2-1/2

[Event "35. Potsdamer Weihnachtsturnier"]
[Site "?"]
[Date "2010.12.28"]
[Round "3.36"]
[White "Schmidt, Konrad"]
[Black "Stegmann, Jens"]
[Result "1-0"]
[WhiteElo "1478"]
[BlackElo "1839"]
[PlyCount "83"]
[EventDate "2010.??.??"]
[WhiteTeam "USV TU Dresden"]
[BlackTeam "SC Zugzwang 95 e.V."]

1. e4 c5 2. Nf3 d6 3. d4 cxd4 4. Nxd4 g6 5. Nc3 Bg7 6. Be3 Nf6 7. Qd2 Nc6 8.
Bb5 Bd7 9. f3 a6 10. Bc4 Ne5 11. Bb3 Rc8 12. Bh6 O-O 13. h4 Nc4 14. Bxc4 Rxc4
15. Bxg7 Kxg7 16. h5 Qa5 17. hxg6 fxg6 18. Nb3 Qe5 19. O-O-O Rf7 20. f4 Qe6 21.
Nd4 Qg4 22. e5 Ne8 23. Nd5 Rc5 24. Ne3 Qxf4 25. e6 Ba4 26. exf7 Qxf7 27. Nb3
Bxb3 28. axb3 Qxb3 29. c3 Nf6 30. Qc2 Qb6 31. Rhe1 Qc6 32. Rd2 b5 33. Nd1 e5
34. b4 Rc4 35. Rd3 e4 36. Rd4 d5 37. Rxc4 bxc4 38. Ne3 Qc7 39. Rd1 Qf4 40. Qd2
Qe5 41. Qd4 Qf4 42. Kb2 1-0

[Event "35. Potsdamer Weihnachtsturnier"]
[Site "?"]
[Date "2010.12.28"]
[Round "3.37"]
[White "Schwarz, Oliver"]
[Black "Hunstock, Fabian"]
[Result "1-0"]
[WhiteElo "1860"]
[BlackElo "1123"]
[PlyCount "43"]
[EventDate "2010.??.??"]
[WhiteTeam "SV Königsjäger Süd-West e.V."]
[BlackTeam "SC Zitadelle Spandau 1977 e.V."]

1. e4 e5 2. Nf3 Nc6 3. d4 d6 4. dxe5 dxe5 5. Qxd8+ Kxd8 6. Bc4 f6 7. Be3 Nge7
8. Nc3 a6 9. O-O-O+ Ke8 10. h3 Bd7 11. g4 h6 12. Nh4 g5 13. Nf5 Nxf5 14. gxf5
Rd8 15. Nd5 Nd4 16. Nxc7+ Ke7 17. Nd5+ Ke8 18. Nxf6+ Ke7 19. Nd5+ Ke8 20. Rxd4
exd4 21. Bxd4 Bb5 22. Bxb5+ 1-0

[Event "35. Potsdamer Weihnachtsturnier"]
[Site "?"]
[Date "2010.12.28"]
[Round "3.38"]
[White "Born, Jonathan"]
[Black "Koenig, Frank"]
[Result "0-1"]
[WhiteElo "918"]
[BlackElo "1985"]
[PlyCount "30"]
[EventDate "2010.??.??"]
[WhiteTeam "SV Königsjäger Süd-West e.V."]
[BlackTeam "BSG 1827 Eckbauer e.V."]

1. e4 c5 2. Nf3 g6 3. Nc3 Bg7 4. d4 cxd4 5. Nxd4 Nc6 6. Be3 Nf6 7. Bc4 Qa5 8.
Qd3 Ne5 9. Qe2 Nxe4 10. Nb3 Qb4 11. Bxf7+ Nxf7 12. O-O Nxc3 13. bxc3 Qxc3 14.
Rfe1 O-O 15. Bc5 d6 0-1

[Event "35. Potsdamer Weihnachtsturnier"]
[Site "?"]
[Date "2010.12.28"]
[Round "3.40"]
[White "Ulrich, Gert"]
[Black "Heinrich, Philipp"]
[Result "1/2-1/2"]
[WhiteElo "1750"]
[BlackElo "1662"]
[PlyCount "43"]
[EventDate "2010.??.??"]
[WhiteTeam "ESV Delitzsch"]
[BlackTeam "Schachverein Briesen e.V."]

1. d4 Nf6 2. Bg5 Ne4 3. Be3 g6 4. f3 Nf6 5. Bf2 d5 6. Nd2 Nc6 7. c3 Bh6 8. e4
Bxd2+ 9. Qxd2 dxe4 10. Qh6 Be6 11. fxe4 Nxe4 12. Qg7 Rf8 13. Qxh7 Nxf2 14. Kxf2
Qd5 15. Bd3 O-O-O 16. Qh6 Nxd4 17. Qe3 Nc6 18. Be4 Qb5 19. b3 a6 20. Nf3 Qb6
21. Rhe1 Bd5 22. Qxb6 1/2-1/2

[Event "35. Potsdamer Weihnachtsturnier"]
[Site "?"]
[Date "2010.12.28"]
[Round "3.41"]
[White "Calamar, Traian"]
[Black "Haar, Reinhard"]
[Result "1-0"]
[WhiteElo "1864"]
[BlackElo "1501"]
[PlyCount "42"]
[EventDate "2010.??.??"]
[WhiteTeam "ohne Verein"]
[BlackTeam "SV Rochade Potsdam-West e.V."]

1. c4 Nf6 2. Nc3 d6 3. g3 g6 4. Bg2 Bg7 5. e3 O-O 6. Nge2 c5 7. O-O Qc7 8. b3
a6 9. Bb2 e5 10. d4 cxd4 11. exd4 Nbd7 12. Qd2 Re8 13. Rad1 Nf8 14. dxe5 dxe5
15. h3 Be6 16. Qd6 Qxd6 17. Rxd6 e4 18. Rfd1 Rac8 19. Nf4 Rc6 20. Rxc6 bxc6 21.
Nxe6 Nxe6 1-0

[Event "35. Potsdamer Weihnachtsturnier"]
[Site "?"]
[Date "2010.12.28"]
[Round "3.42"]
[White "Heinrich, Daniela"]
[Black "Wolff, Joachim Peter"]
[Result "1-0"]
[WhiteElo "1476"]
[BlackElo "1116"]
[PlyCount "57"]
[EventDate "2010.??.??"]
[WhiteTeam "Schachverein Briesen e.V."]
[BlackTeam "SG Blau-Weiß 1948 Leegebruch"]

1. e4 c6 2. f4 d5 3. e5 Bf5 4. d4 f6 5. Bd3 e6 6. Bxf5 exf5 7. Qe2 Be7 8. Bd2
Qb6 9. Bc3 Nd7 10. Nd2 O-O-O 11. Nb3 Bb4 12. Nf3 Re8 13. Bxb4 Qxb4+ 14. c3 Qb6
15. O-O Nf8 16. Nc5 Nd7 17. b4 Nxc5 18. bxc5 Qa5 19. Qc2 Nh6 20. Rab1 Rhf8 21.
Rb2 Re6 22. Rfb1 Rf7 23. exf6 gxf6 24. Nh4 Qa6 25. Nxf5 Nxf5 26. Qxf5 Rfe7 27.
Re1 Kd7 28. Rbe2 Qa5 29. Rxe6 1-0

[Event "35. Potsdamer Weihnachtsturnier"]
[Site "?"]
[Date "2010.12.28"]
[Round "3.43"]
[White "Schwedek, Tony"]
[Black "Paliy, Margaryta"]
[Result "1-0"]
[WhiteElo "1456"]
[BlackElo "1027"]
[PlyCount "95"]
[EventDate "2010.??.??"]
[WhiteTeam "SC Zitadelle Spandau 1977 e.V."]
[BlackTeam "USV Potsdam e.V., Abt. Schach"]

1. d4 d5 2. c4 e6 3. Nc3 Nf6 4. cxd5 exd5 5. Bg5 Be7 6. e3 O-O 7. Bd3 Ne4 8.
Bxe7 Qxe7 9. Nxd5 Qd6 10. Bxe4 Be6 11. Nc3 c6 12. Nf3 Nd7 13. O-O Nf6 14. Bd3
Nd5 15. Nxd5 cxd5 16. Ng5 g6 17. Nxe6 Qxe6 18. Rc1 Rac8 19. Qd2 Rc6 20. Rxc6
bxc6 21. Rc1 Rc8 22. Qa5 Qd7 23. Qc5 Qb7 24. b4 Rb8 25. a3 a5 26. Qxc6 Qxc6 27.
Rxc6 axb4 28. axb4 Rxb4 29. g3 Kf8 30. Rd6 Rb3 31. Be2 Rb2 32. Bf3 Rb1+ 33. Kg2
Rb5 34. Rxd5 Rxd5 35. Bxd5 Ke7 36. e4 f6 37. e5 f5 38. Kf3 g5 39. h4 h6 40.
hxg5 hxg5 41. g4 fxg4+ 42. Kxg4 Kd7 43. Kxg5 Ke7 44. f4 Kd7 45. Kf6 Ke8 46. e6
Kf8 47. e7+ Ke8 48. Bc6# 1-0

[Event "35. Potsdamer Weihnachtsturnier"]
[Site "?"]
[Date "2010.12.28"]
[Round "3.44"]
[White "Nguyen, Anh Van"]
[Black "Wolff, Marie Antoinette"]
[Result "0-1"]
[WhiteElo "1414"]
[BlackElo "1002"]
[PlyCount "106"]
[EventDate "2010.??.??"]
[WhiteTeam "USV Potsdam e.V., Abt. Schach"]
[BlackTeam "SG Blau-Weiß 1948 Leegebruch"]

1. e4 e5 2. f4 d6 3. Nf3 Bg4 4. Bc4 Nf6 5. Nc3 Nc6 6. O-O Be7 7. Nd5 Nxd5 8.
Bxd5 Nd4 9. Bxb7 Rb8 10. Bd5 c6 11. Bb3 Qb6 12. Kh1 Nxf3 13. Rxf3 Bxf3 14. Qxf3
O-O 15. c3 Bh4 16. d3 Qb5 17. Bd2 Rfd8 18. fxe5 dxe5 19. Qxf7+ Kh8 20. c4 Qc5
21. Qf3 Rf8 22. Qe2 Rf2 23. Qe3 Qf8 24. Bc3 Bg5 25. Qe1 Qf4 26. Bxe5 Qxe5 27.
Qxf2 Be7 28. Qg3 Bd6 29. Qxe5 Bxe5 30. Rb1 Rd8 31. Bc2 Rf8 32. Ba4 c5 33. a3 a5
34. g3 Rb8 35. b3 g6 36. Kg2 Rd8 37. Rd1 Rb8 38. Kf3 Rf8+ 39. Ke2 Bd4 40. Rf1
Rd8 41. Rf7 Kg8 42. Ra7 Rf8 43. Rxa5 Rf2+ 44. Ke1 Rxh2 45. b4 Rh1+ 46. Ke2 Rh2+
47. Kf3 Rf2+ 48. Kg4 Bc3 49. Rxc5 Bd2 50. b5 h5+ 51. Kh3 g5 52. b6 g4+ 53. Kh4
Rh2# 0-1

[Event "35. Potsdamer Weihnachtsturnier"]
[Site "?"]
[Date "2010.12.28"]
[Round "3.45"]
[White "Motsch, Sebastian"]
[Black "Reyher, Susan"]
[Result "0-1"]
[WhiteElo "973"]
[BlackElo "1392"]
[PlyCount "90"]
[EventDate "2010.??.??"]
[WhiteTeam "Ludwigsfelder SC 54"]
[BlackTeam "SC Empor Potsdam 1952 e.V."]

1. Nf3 Nc6 2. g3 e5 3. e4 Nf6 4. d3 Bc5 5. h3 d6 6. Bg2 Be6 7. b3 Qd7 8. Bb2
O-O-O 9. Nbd2 h6 10. Qe2 Nb4 11. Nf1 g5 12. Ne3 Rdg8 13. d4 exd4 14. Nxd4 Bxd4
15. Bxd4 Rg6 16. a3 Nc6 17. Bc3 a6 18. Nc4 Bxc4 19. Qxc4 b5 20. Qe2 Re8 21.
O-O-O Re6 22. Rhe1 Qe7 23. f3 Nd7 24. a4 Na7 25. axb5 Nxb5 26. Bb4 Qf6 27. c4
Nc3 28. Bxc3 Qxc3+ 29. Qc2 Qb4 30. Qa2 Nc5 31. Re3 a5 32. Qd2 Nxb3+ 33. Rxb3
Qxb3 34. Qxa5 Qxc4+ 35. Kd2 Re5 36. Qa8+ Kd7 37. Bf1 Qd4+ 38. Ke2 Qb2+ 39. Ke1
Rc5 40. Qa4+ Ke7 41. Ba6 Qc3+ 42. Ke2 Ra5 43. Rd3 Qb2+ 44. Rd2 Qb6 45. Rd5 Rxa4
0-1

[Event "35. Potsdamer Weihnachtsturnier"]
[Site "?"]
[Date "2010.12.28"]
[Round "3.46"]
[White "Sandbrand, Alexandru"]
[Black "Gersdorf, Victoria"]
[Result "0-1"]
[WhiteElo "1374"]
[BlackElo "881"]
[PlyCount "128"]
[EventDate "2010.??.??"]
[WhiteTeam "SC Weisse Dame e.V."]
[BlackTeam "Schachverein Briesen e.V."]

1. e4 e5 2. Nf3 Nf6 3. Bc4 d5 4. exd5 Nxd5 5. Nc3 Nf4 6. O-O Bb4 7. Nxe5 O-O 8.
Nf3 Bg4 9. a3 Bd6 10. d3 Bxf3 11. Qxf3 Qh4 12. g3 Nh3+ 13. Kh1 Qf6 14. Bd5 Ng5
15. Qxf6 gxf6 16. Bxb7 Nd7 17. Bxa8 Rxa8 18. d4 h5 19. d5 h4 20. gxh4 Nf3 21.
Nb5 Bxh2 22. Nxc7 Bxc7 23. h5 Kf8 24. a4 Ke7 25. Ra3 Nde5 26. Bf4 Rh8 27. h6
Nd4 28. Rg3 Ne2 29. Rg7 Nxf4 30. h7 Nf3 31. Rd1 Nh5 32. Rg8 Rxh7 33. Kg2 Nh4+
34. Kf1 Nf4 35. c4 Nf3 36. Rg1 Nxg1 37. f3 Nxf3 38. Kf2 Rh3 39. Ke3 Ng5+ 40.
Kf2 Ne4+ 41. Kg1 Ne2+ 42. Kf1 N4g3+ 43. Kf2 Bb6+ 44. Kf3 Ng1+ 45. Kg2 N1e2 46.
Kxh3 Bc7 47. c5 Nf5 48. Re1 Nfd4 49. b4 Kf8 50. d6 Nf4+ 51. Kg4 Ng2 52. Re4 f5+
53. Kg5 Ne6+ 54. Kf6 Bd8+ 55. Kxf5 Ng7+ 56. Kg4 f5+ 57. Kg3 fxe4 58. Kxg2 e3
59. c6 Ne6 60. Kf3 Bg5 61. b5 Ke8 62. Ke2 Nd4+ 63. Ke1 e2 64. a5 Bh4+ 0-1

[Event "35. Potsdamer Weihnachtsturnier"]
[Site "?"]
[Date "2010.12.28"]
[Round "3.47"]
[White "Gersdorf, Jonas"]
[Black "Fuchs, Dominik"]
[Result "0-1"]
[WhiteElo "876"]
[BlackElo "1332"]
[PlyCount "66"]
[EventDate "2010.??.??"]
[WhiteTeam "Schachverein Briesen e.V."]
[BlackTeam "SC Zitadelle Spandau 1977 e.V."]

1. d4 Nf6 2. Nf3 d5 3. Nc3 e6 4. e3 c5 5. dxc5 Bxc5 6. Bb5+ Nc6 7. O-O O-O 8.
Qe1 a6 9. Ba4 b5 10. Bb3 d4 11. exd4 Nxd4 12. Nxd4 Bxd4 13. Bf4 Qb6 14. Rd1 Bb7
15. Be3 Rfd8 16. Nd5 Nxd5 17. Bxd4 Qc6 18. Qe5 f6 19. Qg3 Kf8 20. c3 Nf4 21. f3
Ne2+ 22. Kh1 Nxg3+ 23. hxg3 e5 24. Be3 Rxd1 25. Rxd1 Ke7 26. Bd5 Qxd5 27. Rxd5
Bxd5 28. Bc5+ Ke6 29. g4 Bxa2 30. Kh2 Rd8 31. Kh3 g5 32. Kg3 Rd2 33. b4 Rc2 0-1

[Event "35. Potsdamer Weihnachtsturnier"]
[Site "?"]
[Date "2010.12.28"]
[Round "3.48"]
[White "Engers, Felix"]
[Black "Niels, Jonas-Paul"]
[Result "1-0"]
[WhiteElo "1330"]
[BlackElo "862"]
[PlyCount "59"]
[EventDate "2010.??.??"]
[WhiteTeam "SC Zitadelle Spandau 1977 e.V."]
[BlackTeam "Schachverein Briesen e.V."]

1. d4 d5 2. c4 e6 3. Nc3 Nc6 4. Nf3 b6 5. Bg5 Be7 6. Bf4 Ba6 7. cxd5 exd5 8.
Qa4 Bb7 9. Ne5 Qd6 10. a3 Nf6 11. Ng6 Qe6 12. Nxh8 O-O-O 13. Nxf7 Qxf7 14. Nb5
a5 15. Rc1 Bd6 16. Bxd6 Rxd6 17. Nxd6+ cxd6 18. Rxc6+ Bxc6 19. Qxc6+ Kb8 20.
Qxb6+ Kc8 21. e3 Qg6 22. Qc6+ Kd8 23. Qxd6+ Ke8 24. Bb5+ Kf7 25. Qc7+ Kg8 26.
O-O h6 27. Qxa5 Kh7 28. Qc3 Ne4 29. Qd3 Qh5 30. f3 1-0

[Event "35. Potsdamer Weihnachtsturnier"]
[Site "?"]
[Date "2010.12.28"]
[Round "3.49"]
[White "Faust, Uwe"]
[Black "Raulin, Kian"]
[Result "0-1"]
[WhiteElo "832"]
[BlackElo "1304"]
[PlyCount "46"]
[EventDate "2010.??.??"]
[WhiteTeam "Potsdamer SV Mitte e.V."]
[BlackTeam "SC Zitadelle Spandau 1977 e.V."]

1. d4 d5 2. Bf4 Nf6 3. Nd2 Nc6 4. e3 Bf5 5. Bd3 Bg6 6. Ngf3 e6 7. Ne5 Nxe5 8.
dxe5 Nh5 9. Bg3 Be7 10. Qe2 d4 11. e4 O-O 12. h3 Nxg3 13. fxg3 c5 14. Qf2 a6
15. O-O-O b5 16. h4 h6 17. h5 Bh7 18. g4 c4 19. Be2 c3 20. bxc3 dxc3 21. Nf3
Ba3+ 22. Kb1 Qe7 23. Rd3 Qb4+ 0-1

[Event "35. Potsdamer Weihnachtsturnier"]
[Site "?"]
[Date "2010.12.28"]
[Round "3.51"]
[White "Lippianowski, Stefan"]
[Black "Reyher, Bastian"]
[Result "1-0"]
[WhiteElo "1280"]
[BlackElo "717"]
[PlyCount "61"]
[EventDate "2010.??.??"]
[WhiteTeam "Treptower SV 1949 e.V."]
[BlackTeam "SC Empor Potsdam 1952 e.V."]

1. e4 e5 2. Nf3 Nc6 3. Nc3 Bc5 4. Bc4 Nf6 5. d3 d6 6. Ng5 Qe7 7. Nd5 Qf8 8.
Nxc7+ Kd8 9. Nxf7+ Kxc7 10. Nxh8 Qxh8 11. Be3 Bb4+ 12. c3 Ba5 13. b4 b6 14.
bxa5 bxa5 15. O-O Bg4 16. f3 Bh5 17. Qb3 Rb8 18. Qa4 Be8 19. Be6 Nd8 20. Qc4+
Bc6 21. Bxa7 Ra8 22. Be3 a4 23. Bf5 g6 24. Bg4 h5 25. Bh3 Qg7 26. Rab1 g5 27.
Bb6+ Kb8 28. Bxd8+ Ka7 29. Bxf6 Qxf6 30. Qxc6 Rb8 31. Qxa4# 1-0